<?xml version="1.0" encoding="UTF-8"?>
<collection xmlns="http://www.loc.gov/MARC21/slim">
 <record>
  <leader>01188nam a2200205 a 4500</leader>
  <controlfield tag="001">1/35067</controlfield>
  <controlfield tag="008">080711s2007    gr            10010 gre  </controlfield>
  <datafield tag="020" ind1=" " ind2=" ">
   <subfield code="a">9789607265807</subfield>
  </datafield>
  <datafield tag="035" ind1=" " ind2=" ">
   <subfield code="l">37570</subfield>
  </datafield>
  <datafield tag="040" ind1=" " ind2=" ">
   <subfield code="a">GR-PeUP</subfield>
  </datafield>
  <datafield tag="082" ind1="0" ind2="0">
   <subfield code="a">949.507 ΕΠΙ</subfield>
  </datafield>
  <datafield tag="111" ind1="2" ind2=" ">
   <subfield code="a">Επιστημονική ημερίδα της Εταιρείας Μακεδονικών Σπουδών</subfield>
   <subfield code="d">(2007 :</subfield>
   <subfield code="c">Θεσσαλονίκη, Ελλάδα).</subfield>
  </datafield>
  <datafield tag="245" ind1="1" ind2="2">
   <subfield code="a">Η αποδόμηση του εθνικού κράτους και της ιστορίας του :</subfield>
   <subfield code="b">επιστημονική ημερίδα, Θεσσαλονίκη, 29 Απριλίου 2007 /</subfield>
   <subfield code="c">Εταιρεία Μακεδονικών Σπουδών.</subfield>
  </datafield>
  <datafield tag="260" ind1="0" ind2=" ">
   <subfield code="a">Θεσσαλονίκη :</subfield>
   <subfield code="b">Εταιρεία Μακεδονικών Σπουδών,</subfield>
   <subfield code="c">2007.</subfield>
  </datafield>
  <datafield tag="300" ind1=" " ind2=" ">
   <subfield code="a">97 σ. ;</subfield>
   <subfield code="c">24 εκ.</subfield>
  </datafield>
  <datafield tag="490" ind1="1" ind2=" ">
   <subfield code="a">Εθνική Βιβλιοθήκη ;</subfield>
  </datafield>
  <datafield tag="650" ind1=" " ind2="4">
   <subfield code="a">Ιστορία, Νεώτερη</subfield>
   <subfield code="x">19ος αιώνας.</subfield>
  </datafield>
  <datafield tag="710" ind1="2" ind2=" ">
   <subfield code="a">Εταιρεία Μακεδονικών Σπουδών.</subfield>
  </datafield>
  <datafield tag="830" ind1=" " ind2="0">
   <subfield code="a">Εθνική Βιβλιοθήκη ;</subfield>
   <subfield code="v">53.</subfield>
  </datafield>
  <datafield tag="852" ind1=" " ind2=" ">
   <subfield code="a">INST</subfield>
   <subfield code="b">UNIPILB</subfield>
   <subfield code="c">MAIN</subfield>
   <subfield code="e">20080711</subfield>
   <subfield code="h">949.507 ΕΠΙ</subfield>
   <subfield code="p">00155849</subfield>
   <subfield code="q">00155849</subfield>
   <subfield code="t">LOAN</subfield>
   <subfield code="y">0</subfield>
   <subfield code="4">1</subfield>
  </datafield>
 </record>
</collection>
